عرض عادي
عرض مارك
- Hughes, I. S.
مدخل إسم شخص
001 - رقم الضبط
- حقل الضبط: 58502
003 - معرف رقم الضبط
- حقل الضبط: OSt
005 - تاريخ ووقت أخر عملية
- حقل الضبط: 20170803213305.0
008 - عناصر بيانات ثابتة الطول
- حقل تحكم ثابت الطول: 170803|| aca||aabn | a|a d
040 ## - مصدر الفهرسة
- هيئة الفهرسة الأصلية: OSt
- وكالة الكتابة: OSt
100 ## - مدخل -- أسم شخص
- إسم شخص: Hughes, I. S.
- الشكل الكامل للاسم: (Ian Simpson),
- تواريخ مرتبطة بالاسم: 1930-
670 ## - بيانات المصدر موجوده
- الاستشهاد بالمصدر: Work cat.: (OSt)0: Hughes, I. S. (Ian Simpson), 1930-, Elementary particles /, 1991.
